Fire storm (Record no. 63863)

MARC details
000 -LEADER
fixed length control field 00689nam a2200169 a 4500
008 - FIXED-LENGTH DATA ELEMENTS--GENERAL INFORMATION
fixed length control field 201117s2014 ||||||||||||||||| || u
020 ## - INTERNATIONAL STANDARD BOOK NUMBER
International Standard Book Number 9781444010985
050 ## - LIBRARY OF CONGRESS CALL NUMBER
Classification number PZ 7.S77435
100 ## - MAIN ENTRY--PERSONAL NAME
Personal name St John, Lauren
245 10 - TITLE STATEMENT
Title Fire storm
Statement of responsibility, etc. By Lauren St John
260 ## - PUBLICATION, DISTRIBUTION, ETC.
Place of publication, distribution, etc. London
Name of publisher, distributor, etc. Orion Children's Books
Date of publication, distribution, etc. 2014
300 ## - PHYSICAL DESCRIPTION
Extent 290 pages
350 ## -
-- 18.75
650 ## - SUBJECT ADDED ENTRY--TOPICAL TERM
Topical term or geographic name entry element ENGLISH LANGUAGE
995 ## -
-- FICTION Collection
-- 905219
-- CBU-SCHOOL OF MEDICINE LIBRARY (Ndola)
-- 18.75
-- PZ 7.S77435
-- 1
-- AVAILABLE
-- Nov 30, 2020
-- 905219
-- Fiction Collection
995 ## -
-- FICTION Collection
-- 9.46
-- 750527
-- CBU-MAIN LIBRARY (Kitwe)
-- 18.75
-- PZ 7.S77435
-- 2
-- AVAILABLE
-- Dec 10, 2020
-- 750527
-- Fiction Collection
999 ## -
-- 63863
-- 63863

No items available.